Statistics for Iran by Picture

Click here to take the quiz!

General Stats

  • This quiz has been taken 69 times
  • The average score is 10 of 18

Answer Stats

Answer% Correct
Asiatic Cheetah
81%
Caspian Sea
81%
Shah
79%
Bazaar
74%
Ruhollah Khomeini
74%
Iran-Iraq War
72%
Strait of Hormuz
68%
Isfahan
67%
Chelow {Kebab}
60%
Zoroaster
56%
Saffron
54%
Salman Rushdie
51%
Mahmoud Ahmadinejad
49%
Achaemenid Empire
47%
Kurdistan
44%
{Milad} Tower
44%
Immortals
32%
A Separation
16%

Score Distribution

Percentile by Number Answered

Percent of People with Each Score

Your Score History

You have not taken this quiz